| 000 | 00000nas 2200000za 4500 |
| 001 | 9.819500 |
| 003 | CaOODSP |
| 005 | 20221107142957 |
| 007 | cr ||||||||||| |
| 008 | 160615d19871993oncar p oss f000#a0eng|d |
| 022 | |y0833-0042 |
| 040 | |aCaOODSP|beng |
| 041 | |aeng|afre |
| 043 | |an-cn--- |
| 086 | 1 |aCS61-214-PDF |
| 245 | 00|aCapital and repair expenditures, manufacturing sub-industries, intentions |h[electronic resource] = |bDépenses d'immobilisations et de réparations, sous-industries manufacturières, perspective. |
| 246 | 11|aDépenses d'immobilisations et de réparations, sous-industries manufacturières, perspective |
| 260 | |aOttawa : |bStatistics Canada, Science, Technology and Capital Stock Division = Statistique Canada, Division des sciences, de la technologie et du stock de capital, |c1987-1993. |
| 310 | |aAnnual |
| 362 | 0 |a1987-1993. |
| 500 | |aDigitized edition from print [produced by Statistics Canada]. |
| 546 | |aText in English and French. |
| 550 | |aIssued 1990-1993 by Investment and Capital Stock Division. |
| 580 | |aAbsorbed in part by: Private and public investment in Canada, intentions; and, Private and public investment in Canada, revised intentions. |
| 692 | 07|2gccst|aInvestments |
| 692 | 07|2gccst|aIndustry |
| 692 | 07|2gccst|aFinance |
| 710 | 1 |aCanada.|bStatistics Canada.|bScience, Technology and Capital Stock Division. |
| 710 | 2 |aStatistics Canada.|bInvestment and Capital Stock Division. |
| 780 | 00|tInvestment statistics, manufacturing sub-industries and selected energy related industries, intentions |w(CaOODSP)9.819496 |
| 792 | |tCapital and repair expenditures, manufacturing sub-industries, intentions |efre|w(CaOODSP)9.819502 |